La Objecin̤ de conciencia estructura y pautas de ponderacin̤ /

Detalles Bibliográficos
Autor principal: Capodiferro Cubero, Daniel
Formato: Libro
Lenguaje:español
Publicado: Barcelona : J.M. Bosch, 2013
Colección:Cuadernos de derecho constitucional ; 5
Materias:
Acceso en línea:Accesor estringido

MARC

LEADER 00000nam a2200000 a 4500
005 20131220145229.0
007 cr|||| ||||
008 130610s2013 spc f b 000 0 spa c
017 |a DL B. 12838-2013  |b Biblioteca de Catalunya 
020 |a 9788494093395  
035 |a 11718 
040 |a vLex 
080 |a 342.731(460) 
080 |a 355.212 
090 |c 4651  |d 4651 
100 1 |a Capodiferro Cubero, Daniel 
245 1 3 |a La Objecin̤ de conciencia  |h [Recurso electrn̤ico] :  |b estructura y pautas de ponderacin̤ /  |c Daniel Capodiferro Cubero 
256 |a Servicio en ln̕ea 
260 |a Barcelona :  |b J.M. Bosch,  |c 2013 
300 |a 1 recurso electrn̤ico 
490 1 |a Cuadernos de derecho constitucional ;  |v 5 
504 |a Bibliografia: p. 165-171 
506 1 |a Contenido solo disponible en los productos indicados  |d vLex Global  |d vLex Global (Academic Edition, excluding Law Schools)  |d vLex Global (U.S. Academic Edition, Law Schools)  |d vLex Global (U.S. Academic Edition, excluding Law Schools)  |d vLex Global (Academic Edition, Law Schools) 
650 0 4 |a Libertad religiosa  |z Espaą 
650 0 4 |a Derechos civiles  |z Espaą 
650 0 4 |a Objeccin̤ de conciencia 
650 0 4 |a Libertad de conciencia 
740 0 |a vLex Libros (Servicio en ln̕ea) 
830 0 |a Cuadernos de derecho constitucional ;  |v 5 
856 4 0 |u http://vlex.com/source/objecion-conciencia-11718  |z Accesor estringido 
942 |c BOOK 
999 0 |a Freedom of religion 
999 0 |a Civil rights 
999 0 |a Conscientious objection